| 000 | 00732nam a22002177a 4500 | ||
|---|---|---|---|
| 003 | OSt | ||
| 005 | 20141027213002.0 | ||
| 008 | 141020b xxu||||| |||| 00| 0 eng d | ||
| 020 | _a84-85202-11-2 | ||
| 040 | _cBMC | ||
| 082 | _a863.3959 | ||
| 100 | 1 |
_aTorres, Antonio _926884 |
|
| 245 | 1 | 3 |
_aEl realismo del "Tirant lo Blanch" y su influencia en el "Quijote" _cAntonio Torres |
| 260 |
_aBarcelona _bPuvill _c[1979] |
||
| 300 |
_a172 p. _c21 cm |
||
| 490 |
_aBiblioteca Universitaria Puvill : II. Ensayos _v1 |
||
| 504 | _aBibliografía: p. 167-172 | ||
| 600 | 1 | 4 |
_aCervantes Saavedra, Miguel de _d1547-1616 _tDon Quijote de la Mancha _926819 |
| 600 | 1 | 4 |
_926890 _aMartorell, Joanot _dca. 1414-1468 _tTirant lo Blanc |
| 942 |
_2ddc _cBK |
||
| 999 |
_c14787 _d14787 |
||